| 000 | 00850nam a2200277 a 4500 | ||
|---|---|---|---|
| 001 | 482 | ||
| 003 | BD-RjUL | ||
| 005 | 20211208233204.0 | ||
| 008 | 131118s1974 enk b 001 0 eng | ||
| 020 | _a0080177816 | ||
| 035 | _a(BD-RjUL) 499 | ||
| 040 |
_aDLC _cDLC _dDLC _beng |
||
| 041 | _aeng | ||
| 082 | 0 | 0 |
_a011.02 _bCHH 1974 |
| 100 | 1 |
_aChandler, George, _d1915- _91341 |
|
| 245 | 1 | 0 |
_aHow to find out : _ba guide to sources of information for all, arranged by the Dewey Decimal Classification / _c[by] G. Chandler. |
| 250 | _a4th ed. | ||
| 260 |
_aOxford ; _aNew York : _bPergamon Press, _c1974 |
||
| 300 |
_axiv, 194 p. ; _c22 cm. |
||
| 490 | 0 | _aLibrary and technical information | |
| 526 | _bLibrary science | ||
| 650 | 0 |
_aReference books _xBibliography. _91494 |
|
| 942 |
_2ddc _cBK |
||
| 999 |
_c482 _d482 |
||